| 000 | 00484nam a2200181Ia 4500 | ||
|---|---|---|---|
| 005 | 20250508150700.0 | ||
| 008 | 008 250505s9999 xx 000 0 eng d | ||
| 037 | _aTextual | ||
| 040 |
_aFEDL _beng _cFEDL |
||
| 041 |
_aeng _2eng |
||
| 084 |
_a372, ATK _qFEDL |
||
| 100 |
_aAtkinson Mary _9757361 |
||
| 245 | 0 | _aJunior school community | |
| 260 |
_aLondon, UK _bLongmans, Green and Co. |
||
| 300 | _a204p. | ||
| 942 |
_cTEXL _h372, ATK |
||
| 999 |
_c1325025 _d1325025 |
||